| 000 | 00555nam a2200181 4500 | ||
|---|---|---|---|
| 005 | 20250714151924.0 | ||
| 008 | 250714b |||||||| |||| 00| 0 eng d | ||
| 037 | _cReference | ||
| 040 |
_aRTL _cRTL |
||
| 084 |
_aB281 K8/SC _qRTL |
||
| 100 | _aChung, Kai Lai | ||
| 245 | _aA course in probability theory | ||
| 260 |
_aNew York _bHarcourt, Brace and world Inc. _c1968 |
||
| 300 |
_aVii, 331 p. _bIncludes bibliographical reference and index |
||
| 650 | _aProbability theory | ||
| 650 | _aMathematics | ||
| 942 |
_2CC _n0 _cREF _hB281 K8/SC |
||
| 999 |
_c1433628 _d1433628 |
||